| 000 | 03065cam a22006134i 4500 | ||
|---|---|---|---|
| 001 | u154550 | ||
| 003 | PE-LiUPU | ||
| 005 | 20250731165359.0 | ||
| 008 | 150922s2014 sp a rb 001 0 spa d | ||
| 020 | _a9788471127365 | ||
| 035 | _a(Sirsi) i9788471127365 | ||
| 040 |
_aPE-LiUPU _bspa _cPE-LiUPU _erda |
||
| 041 | 1 |
_aspa _heng |
|
| 082 | 0 | 4 |
_a001.42 _bF63 2014 |
| 100 | 1 |
_aFlick, Uwe, _d1956- , _eautor. |
|
| 245 | 1 | 3 |
_aLa gestión de la calidad en investigación cualitativa / _cUwe Flick ; traducido por Tomás del Amo y Carmen Blanco. |
| 264 | 1 |
_aMadrid : _bEdiciones Morata, _c2014. |
|
| 300 |
_a189 páginas : _bilustraciones ; _c24 centímetros |
||
| 336 |
_atext _2rdacontent |
||
| 337 |
_aunmediated _2rdamedia |
||
| 338 |
_avolume _2rdacarrier |
||
| 490 | 0 | _aInvestigación cualitativa | |
| 504 | _aIncluye Índice. | ||
| 505 | 0 | _aIntroducción editorial (Uwe Flick) -- Cómo estudiar la calidad de la investigación -- Estándares, criterios, listas de comprobación y directrices -- Estrategias para gestionar la diversidad -- Conceptos de triangulación -- La triangulación metodológica en investigación cualitativa -- La triangulación en etnografía -- La triangulación de la investigación cualitativa y cuantitativa -- Cómo utilizar la triangulación para gestionar la calidad: problemas prácticos -- Calidad, creatividad y ética: formas diferentes de hacer la pregunta -- Gestión de la calidad en la investigación cualitativa: un enfoque en el proceso y la trasparencia. | |
| 526 | _aSEG44 | ||
| 526 | _aSEG26 | ||
| 526 | _aP151 | ||
| 526 | _aP150 | ||
| 526 | _aP149 | ||
| 526 | _aP146 | ||
| 526 | _aP145 | ||
| 526 | _aP126 | ||
| 526 | _aP125 | ||
| 526 | _aP92 | ||
| 526 | _aP75 | ||
| 526 | _aP74 | ||
| 526 | _aP27 | ||
| 526 | _aP15 | ||
| 534 |
_pTítulo original : _tManaging quality in qualitative research. |
||
| 541 | _g001-0039833; | ||
| 596 | _a1 2 | ||
| 650 | 1 | 4 | _aInvestigación científica. |
| 650 | 1 | 4 | _aInvestigación cualitativa. |
| 650 | 1 | 4 |
_aMetodología científica. _92427 |
| 700 | 1 |
_aAmo, Tomás del, _etraductor. |
|
| 700 | 1 |
_aBlanco, Carmen, _etraductor. |
|
| 910 |
_ardg _bjck _crdg _d20150922 |
||
| 942 |
_2ddc _cBOOK |
||
| 994 |
_aC0 _bPEPRU |
||
| 949 |
_a001.42 F58 _wDEWEY _c1 _i75950 _f2018-2-11 _g1 _lCCODEBUL1 _mBUL _p6.00 _r0 _sY _tBOOK _u2017-5-23 _xSALUD _PP69 _0COMPRA _o.STAFF. Colección Ciencias de la Salud |
||
| 949 |
_a001.42 F63 2014 _wDEWEY _c1 _iFT02909 _lCCODEBUT1 _mBUT _p{dolar}29.68 _r0 _sY _tBOOK _u2015-9-22 _xBIBLIOTECA _zUNKNOWN _0COMPRA _o.STAFF. Colección General Tarapoto |
||
| 999 |
_a001.42 F63 2014 _wDEWEY _c7254 _iFT02909 _f2019-2-20 _g2 _lCCODEBUT1 _mBUT _p29.68 _r0 _sY _tBOOK _u2015-9-22 _xBIBLIOTECA _zUNKNOWN _0COMPRA _o.STAFF. Colección General Tarapoto _d7254 |
||
| 999 |
_a001.42 F58 _wDEWEY _c1 _i75950 _d2019-11-25 _e2019-11-22 _f2021-11-4 _g4 _lCCODEBUL1 _mBUL _n3 _p6.00 _q2 _r0 _sY _tBOOK _u2017-5-23 _xBIBLIOTECA _PP69 _0COMPRA _o.STAFF. Colección Ciencias de la Salud |
||
| 980 |
_81 _gALBERTO SANCHEZ Responsable de Automatización |
||